Sur le meurtre d'Eratosthène, Lysias Partie 3 - Statistiques

Statistiques générales
  • Ce quiz a été pris 7 fois
  • Le résultat moyen est 9 sur 11
Statistiques - réponses
Hint Réponse % Correct
ἔχον τὰ ἄνω ayant le haut
100%
ἔστι μοι j'ai
100%
ὦ ἄνδρες, messieurs
100%
καὶ κατὰ τὴν ἀνδρωνῖτιν. pour l'appartement des hommes
100%
κατὰ τὴν γυναικωνῖτιν pour les femmes
100%
ἴσα τοῖς κάτω semblable au bas
100%
Πρῶτον μὲν οὖν, Tout d'abord
100%
οἰκίδιον διπλοῦν, une petite maison
100%
ὑμῖν διηγήσασθαἰ) vous raconter
67%
καὶ ταῦθ' aussi cela)
33%
(δεῖ γὰρ (en effet il faut
33%
Aucun quiz correspondant
Distribution des résultats
% des personnes avec chaque résultat
Percentile par nombre de réponses
Votre historique - résultats
Vous n’avez pas pris ce quiz